00780nac a22002171u 4500010001600000020001500016082001700031090001500048100003400063245006000097260004900157300003300206490003300239500002600272511002600298650004600324650004700370942001900417999001500436952011100451 a 75313666 a087618230900a628.925bRIC c5879d5879 aRichman, Harold, 10aEngine company fireground operations /cHarold Richman. aBowie, Md. :bR. J. Brady Co.,[1975]c[1975] axi, 161 p. :bill. ;c28 cm.0 aBrady's fire fighting series adistributer: Al-Ahram acatalogued by: wessam 0aFire extinctionvHandbooks, manuals, etc. 0aEngine companiesvHandbooks, manuals, etc. cBBk628.925RIC c5879d5879 00102ddc4070aMAINbMAINc1STd2007-11-07ePurchasel0o628.925 RICp000007348r2025-07-15 00:00:00yBB